Spell the Country #14 - Statistics

General Stats
  • This quiz has been taken 56 times
  • The average score is 24 of 29
Answer Stats
Picture Answer % Correct
Sri Lanka
93%
Austria
91%
India
91%
Iraq
91%
Australia
89%
China
89%
Estonia
89%
New Zealand
89%
Vietnam
89%
Iceland
87%
Nauru
87%
Norway
87%
Russia
87%
Nigeria
85%
North Korea
83%
Ethiopia
80%
Nicaragua
80%
Tanzania
80%
Armenia
78%
Ecuador
78%
Eswatini
78%
Honduras
78%
Djibouti
76%
Dominican Republic
76%
Guinea
76%
Togo
76%
Trinidad and Tobago
76%
Saint Vincent and the Grenadines
70%
Suriname
67%
No matching quizzes found
Score Distribution
Percent of People with Each Score
Percentile by Number Answered
Your Score History
You have not taken this quiz